000 00544nam a2200217Ia 4500
003 OSt
005 20230331101036.0
008 210423s2008 xx 000 0 und d
020 _a9780070221161
040 _cAL
041 _aeng
082 _a658.15 APTP
100 _aAPTE (Prakash G).
_980613
245 _aInternational financial management.
250 _a5
260 _aNew Delhi
_bTata McGrawhill
_c2008
300 _axv,696
_bPB
365 _b410
_cINR
906 _afinancial ; International ; management.
942 _2ddc
_cBK
999 _c157683
_d157683